[Event "British Columbia-Washington"]
[Site "Victoria"]
[Date "2020.01.19"]
[Round "5.5"]
[White "Gansvind, Valeriya I"]
[Black "Sinanan, Joshua C"]
[Result "1/2-1/2"]
[WhiteElo "2081"]
[BlackElo "2178"]
[PlyCount "45"]
[EventDate "2020.01.17"]
[EventType "team-match"]
[EventRounds "5"]
[EventCountry "CAN"]
[SourceTitle "EXT 2023"]
[Source "ChessBase"]
[SourceDate "2022.10.05"]
[SourceVersion "1"]
[SourceVersionDate "2022.10.05"]
[SourceQuality "1"]
[WhiteTeam "British Columbia"]
[BlackTeam "Washington"]
[WhiteTeamCountry "CAN"]
[BlackTeamCountry "USA"]

1. d4 Nf6 2. Bg5 e6 3. Nd2 h6 4. Bh4 d5 5. e3 c5 6. c3 Nc6 7. Ngf3 Bd6 8. Bd3 0-0 9. 0-0 e5 10. dxe5 Nxe5 11. Nxe5 Bxe5 12. f4 Bd6 13. c4 Be7 14. h3 dxc4 15. Bxc4 Bf5 16. Nf3 Nd7 17. Bxe7 Qxe7 18. Qb3 Be4 19. Rae1 Rad8 20. Bd5 Nb6 21. Bxe4 Qxe4 22. Qa3 Qc6 23. Rc1 1/2-1/2

[Event "British Columbia-Washington"]
[Site "Victoria"]
[Date "2020.01.19"]
[Round "4.1"]
[White "Sinanan, Joshua C"]
[Black "Kaufmann, Raymond"]
[Result "0-1"]
[WhiteElo "2178"]
[BlackElo "2266"]
[PlyCount "86"]
[EventDate "2020.01.17"]
[EventType "team-match"]
[EventRounds "5"]
[EventCountry "CAN"]
[SourceTitle "EXT 2023"]
[Source "ChessBase"]
[SourceDate "2022.10.05"]
[SourceVersion "1"]
[SourceVersionDate "2022.10.05"]
[SourceQuality "1"]
[WhiteTeam "Washington"]
[BlackTeam "British Columbia"]
[WhiteTeamCountry "USA"]
[BlackTeamCountry "CAN"]

1. d4 Nf6 2. c4 g6 3. Nc3 Bg7 4. e4 d6 5. Nf3 0-0 6. Be2 e5 7. dxe5 dxe5 8. Qxd8 Rxd8 9. Bg5 c6 10. Nxe5 Re8 11. f4 h6 12. Bh4 g5 13. fxg5 hxg5 14. Bg3 Na6 15. 0-0-0 Nc5 16. Bd3 Ng4 17. Nxg4 Bxg4 18. Be2 Bxe2 19. Nxe2 Rxe4 20. Rhe1 Rxc4+ 21. Kb1 Rb4 22. b3 Ne4 23. Rd3 Re8 24. Red1 Bf6 25. Be1 Rb5 26. Ng3 g4 27. Nxe4 Rxe4 28. Bc3 Bxc3 29. Rxc3 Rd5 30. Rxd5 cxd5 31. Rc2 Kf8 32. Rd2 Ke7 33. Kc2 Ke6 34. Kd3 f5 35. g3 Ke5 36. Rc2 Re1 37. Rc7 Rd1+ 38. Ke3 d4+ 39. Ke2 Ra1 40. Kd3 Rxa2 41. Rxb7 Rxh2 42. Rb5+ Kf6 43. Kxd4 Rg2 0-1

[Event "Victoria British Columbia-Washington m"]
[Site "Victoria"]
[Date "2019.01.20"]
[Round "4.1"]
[White "Mohammed Qanee, Arpak Worya"]
[Black "Sinanan, Joshua C"]
[Result "1-0"]
[WhiteElo "2218"]
[BlackElo "2283"]
[PlyCount "111"]
[EventDate "2019.01.18"]
[EventType "team"]
[EventRounds "5"]
[EventCountry "CAN"]
[SourceTitle "EXT 2022"]
[Source "ChessBase"]
[SourceDate "2021.10.06"]
[SourceVersion "1"]
[SourceVersionDate "2021.10.06"]
[SourceQuality "1"]
[WhiteTeam "BC"]
[BlackTeam "WA"]
[WhiteTeamCountry "CAN"]
[BlackTeamCountry "CAN"]

1. e4 Nf6 2. e5 Nd5 3. d4 d6 4. Nf3 Bg4 5. Be2 e6 6. 0-0 Be7 7. c4 Nb6 8. exd6 cxd6 9. h3 Bh5 10. Nc3 0-0 11. b3 d5 12. c5 Bxf3 13. Bxf3 Nc8 14. b4 a6 15. a4 Nc6 16. Rb1 Bf6 17. Be3 N8e7 18. b5 axb5 19. axb5 Na5 20. b6 Nf5 21. Nb5 Nc6 22. g4 Nxe3 23. fxe3 Bg5 24. Qd3 Bh6 25. Nd6 Qb8 26. e4 Ra4 27. exd5 Rxd4 28. dxc6 Rxd3 29. c7 Qa8 30. Ra1 Ra3 31. Bxb7 Qa4 32. Rxa3 Qxa3 33. Rxf7 Qxc5+ 34. Kg2 Qc2+ 35. Kg3 Qd3+ 36. Kg2 Qd2+ 37. Kh1 Qxd6 38. Rxf8+ Qxf8 39. c8Q Qxc8 40. Bxc8 Kf7 41. Kg2 Bf4 42. Kf3 Bd6 43. Ke4 Kf6 44. h4 g5 45. h5 h6 46. Kd4 Ke7 47. Kc4 Ba3 48. Kb5 e5 49. Bf5 Kd6 50. Be4 Kd7 51. Bf5+ Kd6 52. b7 Kc7 53. Be4 Kb8 54. Kc6 Bf8 55. Kd7 Ka7 56. Kc7 1-0

[Event "Victoria British Columbia-Washington m"]
[Site "Victoria"]
[Date "2019.01.19"]
[Round "2.2"]
[White "Blaha, Jiri"]
[Black "Sinanan, Joshua C"]
[Result "0-1"]
[WhiteElo "2154"]
[BlackElo "2283"]
[PlyCount "118"]
[EventDate "2019.01.18"]
[EventType "team"]
[EventRounds "5"]
[EventCountry "CAN"]
[SourceTitle "EXT 2022"]
[Source "ChessBase"]
[SourceDate "2021.10.06"]
[SourceVersion "1"]
[SourceVersionDate "2021.10.06"]
[SourceQuality "1"]
[WhiteTeam "BC"]
[BlackTeam "WA"]
[WhiteTeamCountry "CAN"]
[BlackTeamCountry "CAN"]

1. e4 c5 2. Nc3 e6 3. f4 a6 4. Nf3 d5 5. d3 Nc6 6. g3 dxe4 7. Nxe4 Nh6 8. Bg2 Be7 9. 0-0 0-0 10. Kh1 Qc7 11. Be3 b6 12. h3 Nf5 13. Bf2 Bb7 14. c3 Nd6 15. Qe2 Rad8 16. Rad1 a5 17. Nfd2 Rfe8 18. Rfe1 Bf8 19. Nxd6 Bxd6 20. Nc4 Bf8 21. a4 Ne7 22. Bxb7 Qxb7+ 23. Qe4 Nd5 24. Na3 Qd7 25. Nb5 g6 26. Kg2 Bg7 27. Qf3 h5 28. d4 c4 29. g4 hxg4 30. hxg4 f5 31. g5 Kf7 32. Be3 Rh8 33. Rh1 Qc6 34. Bd2 Rdg8 35. Rxh8 Rxh8 36. Rh1 Nxf4+ 37. Bxf4 Qxf3+ 38. Kxf3 Rxh1 39. Nd6+ Ke7 40. Nxc4 e5 41. dxe5 Rb1 42. Be3 Ra1 43. Bxb6 Rxa4 44. b3 Rxc4 45. bxc4 a4 46. Bd4 Ke6 47. Kf4 a3 48. c5 a2 49. c4 Bf8 50. c6 Bc5 51. Ba1 Ba3 52. Ke3 Bc1+ 53. Kd4 Bxg5 54. c7 Kd7 55. e6+ Kxc7 56. Ke5 Be7 57. Bc3 Kc6 58. Bd4 Bd8 59. Bb2 Kc5 0-1

[Event "Victoria British Columbia-Washington m"]
[Site "Victoria"]
[Date "2019.01.19"]
[Round "3.1"]
[White "Sinanan, Joshua C"]
[Black "MacKinnon, Keith"]
[Result "1-0"]
[WhiteElo "2283"]
[BlackElo "2279"]
[PlyCount "55"]
[EventDate "2019.01.18"]
[EventType "team"]
[EventRounds "5"]
[EventCountry "CAN"]
[SourceTitle "EXT 2022"]
[Source "ChessBase"]
[SourceDate "2021.10.06"]
[SourceVersion "1"]
[SourceVersionDate "2021.10.06"]
[SourceQuality "1"]
[WhiteTeam "WA"]
[BlackTeam "BC"]
[WhiteTeamCountry "CAN"]
[BlackTeamCountry "CAN"]

1. Nf3 Nf6 2. g3 b5 3. Bg2 Bb7 4. d3 d5 5. Nbd2 d4 6. c3 c5 7. 0-0 dxc3 8. bxc3 a6 9. a4 e6 10. Qb3 b4 11. a5 Be7 12. Nc4 0-0 13. Bd2 Nc6 14. Rfb1 Ra7 15. cxb4 Nxb4 16. Rc1 Nfd5 17. Rab1 Nc6 18. Qa4 Qd7 19. Nb6 Qd6 20. Nxd5 exd5 21. Be3 d4 22. Bf4 Qe6 23. Ng5 Bxg5 24. Bxg5 Nxa5 25. Qxa5 Bxg2 26. Qxc5 Ba8 27. Qxa7 Qd5 28. f3 1-0

[Event "Victoria British Columbia-Washington m"]
[Site "Victoria"]
[Date "2019.01.18"]
[Round "1.3"]
[White "Sinanan, Joshua C"]
[Black "Lehingrat, Callum"]
[Result "1-0"]
[WhiteElo "2283"]
[BlackElo "2067"]
[PlyCount "85"]
[EventDate "2019.01.18"]
[EventType "team"]
[EventRounds "5"]
[EventCountry "CAN"]
[SourceTitle "EXT 2022"]
[Source "ChessBase"]
[SourceDate "2021.10.06"]
[SourceVersion "1"]
[SourceVersionDate "2021.10.06"]
[SourceQuality "1"]
[WhiteTeam "WA"]
[BlackTeam "BC"]
[WhiteTeamCountry "CAN"]
[BlackTeamCountry "CAN"]

1. Nf3 Nf6 2. c4 e6 3. Nc3 c5 4. g3 Nc6 5. Bg2 Be7 6. 0-0 0-0 7. d4 cxd4 8. Nxd4 a6 9. e4 Qc7 10. Nb3 Ne5 11. c5 Bxc5 12. Nxc5 Qxc5 13. Be3 Qe7 14. Qb3 d6 15. h3 Bd7 16. f4 Nc6 17. a4 Rfc8 18. a5 Be8 19. Rfd1 Rab8 20. Qa3 Rd8 21. Bb6 Rd7 22. Rd3 e5 23. Nd5 Nxd5 24. Rxd5 exf4 25. gxf4 Qf6 26. Rf1 Ne7 27. Rd3 Ng6 28. Qc3 Qe7 29. Rd4 Nh4 30. Bh1 Ng6 31. Rc4 h6 32. Kh2 Kh7 33. Qd2 Nf8 34. Bf3 Ne6 35. Bg4 g5 36. Bf5+ Kh8 37. fxg5 Nxg5 38. h4 Nh7 39. Qxh6 f6 40. Rg1 d5 41. Bxh7 Qe5+ 42. Kh1 Qh5 43. Rg8# 1-0

[Event "British Columbia-Washington m-A"]
[Site "Victoria"]
[Date "2018.01.14"]
[Round "5"]
[White "Sinanan, Joshua C"]
[Black "Cortes Orihuela, Javier"]
[Result "1/2-1/2"]
[WhiteElo "2278"]
[BlackElo "2267"]
[PlyCount "85"]
[EventDate "2018.01.12"]
[EventType "team"]
[EventRounds "5"]
[EventCountry "CAN"]
[SourceTitle "EXT 2022"]
[Source "ChessBase"]
[SourceDate "2021.10.06"]
[SourceVersion "1"]
[SourceVersionDate "2021.10.06"]
[SourceQuality "1"]

1. Nf3 Nf6 2. c4 g6 3. Nc3 d5 4. cxd5 Nxd5 5. Qa4+ Nc6 6. Nd4 Ndb4 7. Nxc6 Nxc6 8. g3 Bg7 9. Bg2 Bd7 10. 0-0 0-0 11. d3 e5 12. Qc2 Nd4 13. Qd2 Bc6 14. b3 Bxg2 15. Kxg2 Qd7 16. Bb2 Rfe8 17. Rac1 f5 18. f3 h5 19. e3 Ne6 20. Ne2 c5 21. e4 Rad8 22. Rcd1 Rf8 23. exf5 gxf5 24. f4 e4 25. Bxg7 Nxg7 26. Nc1 Qc6 27. Kg1 Rd4 28. Qe2 Rfd8 29. dxe4 Rxd1 30. Rxd1 Rxd1+ 31. Qxd1 Qxe4 32. Qd8+ Kh7 33. Nd3 b5 34. Ne5 Qb1+ 35. Kg2 Qxa2+ 36. Kh3 Qxb3 37. Qf8 Qg8 38. Qxc5 a6 39. Nf3 Ne6 40. Qe7+ Kh6 41. Qf6+ Qg6 42. Qh8+ Qh7 43. Qf6+ 1/2-1/2

[Event "Washington State-ch"]
[Site "Redmond"]
[Date "2017.02.18"]
[Round "5"]
[White "Raptis, Nick"]
[Black "Sinanan, Joshua C"]
[Result "1/2-1/2"]
[WhiteElo "2310"]
[BlackElo "2200"]
[PlyCount "86"]
[EventDate "2017.02.11"]
[EventType "tourn"]
[EventRounds "9"]
[EventCountry "USA"]
[EventCategory "1"]
[SourceTitle "EXT 2023"]
[Source "ChessBase"]
[SourceDate "2022.10.05"]
[SourceVersion "1"]
[SourceVersionDate "2022.10.05"]
[SourceQuality "1"]

1. g3 e5 2. Bg2 Nc6 3. d3 g6 4. c4 Bg7 5. Nc3 d6 6. Nf3 Nge7 7. 0-0 0-0 8. Bd2 h6 9. a3 Be6 10. b4 Qd7 11. Re1 f5 12. Rb1 g5 13. b5 Nd8 14. h4 gxh4 15. Nxh4 f4 16. Ne4 Bh3 17. e3 fxg3 18. fxg3 Bg4 19. Qc2 Bh3 20. Bb4 Bxg2 21. Qxg2 Nf7 22. Rf1 Qe6 23. Kh2 Ng5 24. g4 Rxf1 25. Rxf1 Rf8 26. Rxf8+ Bxf8 27. Nc3 c6 28. bxc6 bxc6 29. Ne4 Nxe4 30. Qxe4 d5 31. cxd5 cxd5 32. Qf3 e4 33. dxe4 dxe4 34. Qf4 Bg7 35. Kh3 Nd5 36. Qf5 Qxf5 37. Nxf5 Nxb4 38. axb4 Bf8 39. b5 Kf7 40. Kh4 Kg6 41. Ng3 Be7+ 42. Kh3 Bg5 43. Nxe4 Bxe3 1/2-1/2

[Event "Washington State-ch"]
[Site "Redmond"]
[Date "2017.02.12"]
[Round "4"]
[White "Sinanan, Joshua C"]
[Black "Haining, Kyle"]
[Result "1-0"]
[WhiteElo "2200"]
[BlackElo "2195"]
[PlyCount "123"]
[EventDate "2017.02.11"]
[EventType "tourn"]
[EventRounds "9"]
[EventCountry "USA"]
[EventCategory "1"]
[SourceTitle "EXT 2023"]
[Source "ChessBase"]
[SourceDate "2022.10.05"]
[SourceVersion "1"]
[SourceVersionDate "2022.10.05"]
[SourceQuality "1"]

1. d4 g6 2. c4 Bg7 3. Nf3 Nf6 4. g3 0-0 5. Bg2 c5 6. 0-0 cxd4 7. Qxd4 Nc6 8. Qh4 d6 9. Nc3 Qa5 10. Bh6 Qh5 11. Qxh5 Nxh5 12. Bxg7 Kxg7 13. Rac1 Bd7 14. Rfd1 Rfd8 15. b3 Rac8 16. Rd2 Nf6 17. Rcd1 Kf8 18. h3 Ke8 19. Ne1 Na5 20. Nd5 Nxd5 21. Rxd5 b6 22. e4 Be6 23. R5d2 a6 24. Bf1 Bd7 25. f4 b5 26. cxb5 axb5 27. Kf2 Rb8 28. Nf3 Nc6 29. Ke3 Rb7 30. g4 b4 31. Rc1 Ra7 32. e5 dxe5 33. Rxd7 exf4+ 34. Kxf4 Rdxd7 35. Rxc6 Kf8 36. Bc4 f6 37. Rc8+ Kg7 38. Rg8+ Kh6 39. h4 e5+ 40. Ke4 Rxa2 41. g5+ fxg5 42. hxg5+ Kh5 43. Kxe5 Rg2 44. Rf8 Re7+ 45. Kd6 Re3 46. Rf7 Rf2 47. Rxh7+ Kg4 48. Ne5+ Kxg5 49. Nc6 Rff3 50. Nd4 Rf2 51. Ne6+ Kf6 52. Nc7 Rf5 53. Nd5+ Rxd5+ 54. Bxd5 g5 55. Rf7+ Kg6 56. Rb7 g4 57. Rxb4 Kf5 58. Rb8 g3 59. Rg8 Kf6 60. b4 g2 61. Rxg2 Re6+ 62. Kc5 1-0

[Event "Washington State-ch"]
[Site "Redmond"]
[Date "2017.02.12"]
[Round "3"]
[White "Sinanan, Joshua C"]
[Black "He, Anthony B"]
[Result "0-1"]
[WhiteElo "2200"]
[BlackElo "2159"]
[PlyCount "88"]
[EventDate "2017.02.11"]
[EventType "tourn"]
[EventRounds "9"]
[EventCountry "USA"]
[EventCategory "1"]
[SourceTitle "EXT 2023"]
[Source "ChessBase"]
[SourceDate "2022.10.05"]
[SourceVersion "1"]
[SourceVersionDate "2022.10.05"]
[SourceQuality "1"]

1. Nf3 Nf6 2. c4 g6 3. Nc3 d5 4. Qa4+ Nc6 5. Nd4 Qd7 6. cxd5 Nxd5 7. Nxd5 Qxd5 8. Nxc6 Qxc6 9. Qxc6+ bxc6 10. g3 Be6 11. Bg2 Bd5 12. 0-0 Bg7 13. d3 0-0 14. Rd1 Rab8 15. Rd2 Rb7 16. Rc2 Rfb8 17. e4 Be6 18. Rxc6 Bxb2 19. Bxb2 Rxb2 20. h4 R8b7 21. e5 Rb1+ 22. Rxb1 Rxb1+ 23. Kh2 Rb2 24. Rxc7 Rxf2 25. Kg1 Rxa2 26. Rxe7 Kf8 27. Rc7 a5 28. Ra7 a4 29. d4 Bb3 30. d5 a3 31. d6 Ra1+ 32. Kf2 a2 33. Ra8+ Kg7 34. d7 Rd1 35. Bh3 f5 36. exf6+ Kxf6 37. Ke2 Rd6 38. Ke3 Bc4 39. Rf8+ Bf7 40. Ra8 Ke7 41. Ke2 Bd5 42. Re8+ Kf7 43. d8Q Rxd8 44. Rxd8 Bc4+ 0-1

[Event "British Columbia-Washington m A"]
[Site "Victoria"]
[Date "2017.01.15"]
[Round "5.5"]
[White "Sinanan, Joshua C"]
[Black "Ross, Paul"]
[Result "1/2-1/2"]
[WhiteElo "2264"]
[BlackElo "2334"]
[PlyCount "108"]
[EventDate "2017.01.13"]
[EventType "team"]
[EventRounds "5"]
[EventCountry "CAN"]
[SourceTitle "EXT 2022"]
[Source "ChessBase"]
[SourceDate "2021.10.06"]
[SourceVersion "1"]
[SourceVersionDate "2021.10.06"]
[SourceQuality "1"]
[WhiteTeam "WA A"]
[BlackTeam "BC A"]
[WhiteTeamCountry "CAN"]
[BlackTeamCountry "CAN"]

1. d4 g6 2. c4 Bg7 3. Nc3 d6 4. e4 Nc6 5. Be3 e5 6. Nge2 f5 7. f3 Nf6 8. d5 Ne7 9. h3 a6 10. a4 h6 11. g4 fxe4 12. fxe4 Neg8 13. Qd2 Nh7 14. c5 Bf6 15. cxd6 Bh4+ 16. Kd1 cxd6 17. Ng1 Ng5 18. Bd3 Rh7 19. Kc2 Bd7 20. a5 Rc8 21. Bb6 Qe7 22. Rf1 Nf6 23. Kb1 Rf7 24. Qg2 Kf8 25. Nf3 Nxf3 26. Rxf3 Bg5 27. Rhf1 Kg7 28. Ne2 Rcf8 29. Ng3 Ne8 30. Rxf7+ Rxf7 31. Rf3 Qf8 32. Rxf7+ Qxf7 33. Ne2 Qf6 34. Bf2 Nc7 35. Nc3 Qf4 36. Ka2 Qd2 37. Qf1 Nb5 38. Nxb5 Bxb5 39. Bxb5 Qxa5+ 40. Kb1 axb5 41. Qd3 Bd8 42. Be3 Bb6 43. Qd2 Qxd2 44. Bxd2 h5 45. Bg5 Kf7 46. Kc2 hxg4 47. hxg4 Ke8 48. Kb3 Bc5 49. Bd2 Kd7 50. Kc2 Kc7 51. Ba5+ b6 52. Bd2 Kd7 53. Bg5 Bf2 54. Kb3 Be1 1/2-1/2

[Event "British Columbia-Washington m A"]
[Site "Victoria"]
[Date "2017.01.14"]
[Round "2.3"]
[White "Morozov, Grigory"]
[Black "Sinanan, Joshua C"]
[Result "1/2-1/2"]
[WhiteElo "2354"]
[BlackElo "2264"]
[PlyCount "170"]
[EventDate "2017.01.13"]
[EventType "team"]
[EventRounds "5"]
[EventCountry "CAN"]
[SourceTitle "EXT 2022"]
[Source "ChessBase"]
[SourceDate "2021.10.06"]
[SourceVersion "1"]
[SourceVersionDate "2021.10.06"]
[SourceQuality "1"]
[WhiteTeam "BC A"]
[BlackTeam "WA A"]
[WhiteTeamCountry "CAN"]
[BlackTeamCountry "CAN"]

1. d4 Nf6 2. c4 e6 3. Nf3 d5 4. Nc3 Bb4 5. Qb3 Nc6 6. Bg5 dxc4 7. Qxc4 Qd5 8. Qxd5 Nxd5 9. Bd2 Nxc3 10. bxc3 Bd6 11. e4 e5 12. Rb1 f6 13. Bd3 b6 14. 0-0 Bd7 15. Be3 Ke7 16. Rb2 Rad8 17. Bb5 Rde8 18. Rd1 Kd8 19. Nd2 Na5 20. a4 c6 21. Ba6 Kc7 22. f3 Be6 23. g3 g5 24. Kf2 h5 25. Rh1 h4 26. g4 Rb8 27. h3 c5 28. d5 Bd7 29. Ra1 Bc8 30. Bd3 Bd7 31. Ke2 Rhc8 32. Ba6 Re8 33. Kd3 Red8 34. Nf1 Rf8 35. Bd2 c4+ 36. Bxc4 Nxc4 37. Kxc4 Bc5 38. Be3 Bxe3 39. Nxe3 Kd6 40. a5 Rfc8+ 41. Kd3 b5 42. Nc2 Rc5 43. Ra3 Rbc8 44. Rb4 a6 45. Kd2 Rc4 46. Rab3 R4c5 47. Ne1 R5c7 48. Nd3 Be8 49. Nb2 Bd7 50. Kd3 Ke7 51. c4 Rc5 52. Kc3 bxc4 53. Rxc4 Rxa5 54. Rb7 Rac5 55. Ra7 a5 56. Rxc5 Rxc5+ 57. Nc4 a4 58. Rb7 Rb5 59. Rxb5 Bxb5 60. Nd2 Kd6 61. Kb4 Bd7 62. Nc4+ Kc7 63. Na3 Kb6 64. Nc4+ Kc7 65. Kc5 Bc8 66. Kb5 Bd7+ 67. Kb4 Kb7 68. Ka5 Kc7 69. Na3 Kb7 70. Nb1 Kc7 71. Kb4 Kb6 72. Nc3 a3 73. Kxa3 Kc5 74. Na4+ Kd4 75. Nb6 Be8 76. d6 Ke3 77. Nd5+ Kxf3 78. Nxf6 Bc6 79. Kb4 Kg3 80. Kc5 Ba4 81. Nh7 Kxh3 82. Nf6 Kg3 83. Kb4 Bc6 84. Kc5 Ba4 85. Kb4 Bc6 1/2-1/2

[Event "Atlantic City Millionaire op"]
[Site "Atlantic City"]
[Date "2016.10.09"]
[Round "7"]
[White "Gorovets, Andrey"]
[Black "Sinanan, Joshua C"]
[Result "1-0"]
[WhiteElo "2543"]
[BlackElo "2162"]
[PlyCount "83"]
[EventDate "2016.10.06"]
[EventType "swiss"]
[EventRounds "9"]
[EventCountry "USA"]
[SourceTitle "EXT 2017"]
[Source "ChessBase"]
[SourceDate "2016.10.25"]
[SourceVersion "1"]
[SourceVersionDate "2016.10.25"]
[SourceQuality "1"]

1. d4 Nf6 2. c4 e6 3. Nc3 Bb4 4. e3 0-0 5. Nge2 d5 6. a3 Be7 7. cxd5 exd5 8. Nf4 Re8 9. Bd3 c6 10. 0-0 Nbd7 11. Bc2 Nf8 12. f3 Ne6 13. e4 Nxf4 14. Bxf4 Be6 15. e5 Nh5 16. Be3 g6 17. g4 Ng7 18. Ne2 f5 19. Nf4 Qd7 20. h3 Rf8 21. Qd3 Rf7 22. Rf2 Raf8 23. Raf1 Bh4 24. Rg2 Be7 25. g5 Rd8 26. h4 Rff8 27. h5 Bf7 28. hxg6 Bxg6 29. Kf2 Nh5 30. Nxg6 hxg6 31. Rh1 Kg7 32. Rgh2 Qe8 33. f4 Qf7 34. Qb3 Rb8 35. Bd1 Rh8 36. Bd2 Rh7 37. Bxh5 Rxh5 38. Rxh5 gxh5 39. Bb4 Rh8 40. e6 Qe8 41. Qe3 Bxb4 42. Qe5+ 1-0

[Event "Calgary op"]
[Site "Calgary"]
[Date "2016.08.01"]
[Round "9"]
[White "Kavutskiy, Konstantin"]
[Black "Sinanan, Joshua C"]
[Result "1-0"]
[WhiteElo "2373"]
[BlackElo "2175"]
[PlyCount "77"]
[EventDate "2016.07.27"]
[EventType "swiss"]
[EventRounds "9"]
[EventCountry "CAN"]
[SourceTitle "CBM 173 Extra"]
[Source "ChessBase"]
[SourceDate "2016.08.29"]
[SourceVersion "1"]
[SourceVersionDate "2016.08.29"]
[SourceQuality "1"]

1. e4 d6 2. d4 Nf6 3. Nc3 Nbd7 4. f4 e5 5. Nf3 exd4 6. Qxd4 c6 7. Bd2 Qb6 8. Qc4 Be7 9. 0-0-0 0-0 10. Ng5 d5 11. exd5 cxd5 12. Nxd5 Nxd5 13. Qxd5 Nc5 14. Be3 Bg4 15. Re1 Rad8 16. Qc4 Bf6 17. Qb5 Qd6 18. Be2 Bxe2 19. Qxc5 Qa6 20. Ne4 Bh4 21. Ng3 Rc8 22. Qxa7 Rxc2+ 23. Kxc2 Qd3+ 24. Kc1 Rc8+ 25. Bc5 Be7 26. Rxe2 Rxc5+ 27. Qxc5 Bxc5 28. Re8+ Bf8 29. Rd1 Qc4+ 30. Kb1 g6 31. Rdd8 Qxf4 32. Rxf8+ Kg7 33. Rg8+ Kh6 34. Rd5 f5 35. a3 Qf2 36. Ka2 Qc2 37. Nxf5+ gxf5 38. Rd4 Qf2 39. Rd3 1-0

[Event "Calgary op"]
[Site "Calgary"]
[Date "2016.07.31"]
[Round "7"]
[White "Langer, Mikhail"]
[Black "Sinanan, Joshua C"]
[Result "1-0"]
[WhiteElo "2245"]
[BlackElo "2175"]
[PlyCount "107"]
[EventDate "2016.07.27"]
[EventType "swiss"]
[EventRounds "9"]
[EventCountry "CAN"]
[SourceTitle "CBM 173 Extra"]
[Source "ChessBase"]
[SourceDate "2016.08.29"]
[SourceVersion "1"]
[SourceVersionDate "2016.08.29"]
[SourceQuality "1"]

1. e4 Nf6 2. e5 Nd5 3. d4 d6 4. Nf3 Bg4 5. Be2 e6 6. 0-0 Be7 7. c4 Nb6 8. Nc3 0-0 9. Be3 a5 10. b3 Na6 11. Qd2 Nd7 12. Rfd1 dxe5 13. dxe5 Ndc5 14. Nd4 Bxe2 15. Qxe2 Qe8 16. Qg4 f5 17. Qe2 a4 18. bxa4 c6 19. f4 Qc8 20. Nb3 Nd7 21. a5 g5 22. g3 gxf4 23. gxf4 Kh8 24. Kh1 Rg8 25. Rg1 Rg6 26. Rxg6 hxg6 27. Na4 Kg7 28. Rd1 Nab8 29. c5 Kf7 30. Qc4 Qe8 31. Qb4 Ra7 32. Nb6 Nf8 33. Nc4 Nbd7 34. Nd6+ Bxd6 35. cxd6 b6 36. axb6 Rxa2 37. Rd2 Rxd2 38. Nxd2 c5 39. Qb5 Qa8+ 40. b7 Qa1+ 41. Qb1 Qa4 42. Kg1 Nb8 43. Qb3 Qc6 44. Kf2 Nfd7 45. h4 Na6 46. Nf3 c4 47. Qb1 Qd5 48. h5 gxh5 49. Qh1 Nf8 50. Qxh5+ Kg7 51. Qg5+ Kh8 52. Qf6+ Kg8 53. Qg5+ Kh8 54. Qe7 1-0

[Event "Calgary op"]
[Site "Calgary"]
[Date "2016.07.30"]
[Round "6"]
[White "Sinanan, Joshua C"]
[Black "Findlay, Ian T"]
[Result "1/2-1/2"]
[WhiteElo "2175"]
[BlackElo "2245"]
[PlyCount "95"]
[EventDate "2016.07.27"]
[EventType "swiss"]
[EventRounds "9"]
[EventCountry "CAN"]
[SourceTitle "CBM 173 Extra"]
[Source "ChessBase"]
[SourceDate "2016.08.29"]
[SourceVersion "1"]
[SourceVersionDate "2016.08.29"]
[SourceQuality "1"]

1. Nf3 Nf6 2. c4 e6 3. g3 d5 4. d4 Be7 5. Bg2 0-0 6. 0-0 dxc4 7. Qc2 a6 8. a4 Bd7 9. Qxc4 Bc6 10. Bf4 a5 11. Nc3 Na6 12. Rac1 Rc8 13. Rfd1 Nb4 14. Bg5 Ne8 15. Bxe7 Qxe7 16. e4 Nd6 17. Qe2 b6 18. Ne5 Bb7 19. f4 Rfd8 20. Qf2 Ba6 21. Bf1 Bxf1 22. Kxf1 c5 23. dxc5 Rxc5 24. Rd4 f6 25. Nf3 e5 26. fxe5 fxe5 27. Rdd1 Rf8 28. Kg2 Qf6 29. Qe2 Rfc8 30. Rf1 Qe7 31. Rf2 h6 32. Rcf1 Qe6 33. Nh4 Kh7 34. Nf5 Nc6 35. Nxd6 Qxd6 36. Qg4 Nd4 37. Rf7 Qg6 38. Qxg6+ Kxg6 39. Rb7 R8c6 40. Rff7 Ne6 41. h4 h5 42. Kh3 Rc4 43. Rfd7 Kh6 44. Rd5 Nc5 45. Re7 Nxe4 46. Nxe4 Rxe4 47. Rexe5 Rxe5 48. Rxe5 1/2-1/2

[Event "Vancouver op"]
[Site "Vancouver"]
[Date "2015.08.23"]
[Round "5"]
[White "Raptis, Nick"]
[Black "Sinanan, Joshua C"]
[Result "1-0"]
[WhiteElo "2363"]
[BlackElo "2234"]
[PlyCount "67"]
[EventDate "2015.08.22"]
[EventType "swiss"]
[EventRounds "5"]
[EventCountry "USA"]
[SourceTitle "EXT 2017"]
[Source "ChessBase"]
[SourceDate "2016.10.25"]
[SourceVersion "1"]
[SourceVersionDate "2016.10.25"]
[SourceQuality "1"]

1. c4 e5 2. Nc3 Nf6 3. g3 d5 4. cxd5 Nxd5 5. Bg2 Nb6 6. Nf3 Nc6 7. 0-0 Be7 8. d3 Be6 9. Be3 0-0 10. Qc1 f6 11. Ne4 Qd7 12. Bc5 Rad8 13. Bxe7 Qxe7 14. Nc5 Bc8 15. Qc2 Kh8 16. Rac1 Rfe8 17. a3 Nd7 18. b4 Nf8 19. Qa4 a5 20. bxa5 Nxa5 21. Qxa5 b6 22. Qc3 Qxc5 23. Qxc5 bxc5 24. Rxc5 Ne6 25. Rc3 Rd6 26. Rb1 Bd7 27. Nd2 Ra6 28. e3 Ra7 29. Rb4 Kg8 30. f4 exf4 31. gxf4 Kf8 32. d4 Ke7 33. d5 Nd8 34. Rbc4 1-0

[Event "US Open-116"]
[Site "Phoenix"]
[Date "2015.08.09"]
[Round "9"]
[White "Sinanan, Joshua C"]
[Black "Naylor, Jonathan"]
[Result "1-0"]
[WhiteElo "2221"]
[BlackElo "1615"]
[PlyCount "111"]
[EventDate "2015.08.01"]
[EventType "swiss"]
[EventRounds "9"]
[EventCountry "USA"]
[SourceTitle "CBM 167 Extra"]
[Source "ChessBase"]
[SourceDate "2015.09.14"]
[SourceVersion "1"]
[SourceVersionDate "2015.09.14"]
[SourceQuality "1"]

1. d4 Nf6 2. c4 g6 3. g3 Bg7 4. Bg2 0-0 5. Nc3 d6 6. Nf3 c6 7. 0-0 Qa5 8. e4 e5 9. d5 cxd5 10. cxd5 Na6 11. h3 Bd7 12. Be3 Rfc8 13. Nd2 Nc5 14. Nb3 Nxb3 15. Qxb3 b5 16. a3 Rab8 17. Rfc1 a6 18. Qd1 Qd8 19. Qd2 Ne8 20. Kh2 f5 21. exf5 Bxf5 22. g4 Bd7 23. Ne4 Qe7 24. Bg5 Qf8 25. Rxc8 Rxc8 26. Rc1 Nf6 27. Rxc8 Bxc8 28. Bxf6 Bxf6 29. Qc3 Bh4 30. Kg1 Bb7 31. Qd2 Qd8 32. Bf3 Qc7 33. Kg2 Bd8 34. g5 Bc8 35. Bg4 Bxg4 36. hxg4 Qd7 37. f3 Kg7 38. Qb4 Be7 39. Qc3 Qa7 40. f4 Qd4 41. Qxd4 exd4 42. Kf3 Kf7 43. Ke2 Bd8 44. Nxd6+ Ke7 45. Ne4 Bb6 46. Kd3 Kf7 47. Nd6+ Kf8 48. Nc8 Bc7 49. d6 Bd8 50. Kxd4 Ke8 51. Kd5 Kd7 52. Na7 Bb6 53. Nc6 Be3 54. Ne5+ Ke8 55. Ke6 Bb6 56. d7+ 1-0